| 000 | 01325nam a22002657a 4500 | ||
|---|---|---|---|
| 005 | 20081114100930.0 | ||
| 008 | 081114t xxu||||| |||| 00| 0 hin d | ||
| 010 | _aHIN-84957 | ||
| 020 | _c400.00 | ||
| 035 | _aHN-57303 | ||
| 037 | _bDBAD / PUB | ||
| 040 |
_aDPL _bHN |
||
| 082 | _a372.7044 | ||
| 100 | _aधाकड़, परशुराम | ||
| 245 |
_aक्रियात्मक गणित शिक्षण / _cपरशुराम धाकड़ तथा शिल्पा त्रिवेदी |
||
| 246 |
_aKariyatamak Ganit Shikashan _bby Parshuram Dhakad & Shilpa Trivedi |
||
| 260 |
_aजयपुर _bसाहित्यागार _c2008 |
||
| 270 |
_a958, धामाणी मार्केट की गली, चौड़ा रास्ता _bजयपुर _e302003 |
||
| 300 |
_a319 पृ _c22सेमी (सजिल्द) |
||
| 650 |
_aगणित _xअधययन और अध्यापन |
||
| 650 |
_aMathematics _xStudy and teaching |
||
| 700 | _aत्रिवेदी, शिल्पा | ||
| 942 |
_2ddc _cHN _mधाकड़ _h372.7044 |
||
| 999 |
_c18502 _d18502 |
||